[Event "Titled Tuesday intern op 12th Mar Late"]
[Site "Chess.com INT"]
[Date "2024.03.12"]
[Round "4"]
[White "Jegorovas, Aleksandras"]
[Black "Chabris, Christopher"]
[Result "1-0"]
[WhiteElo "2270"]
[BlackElo "2054"]
[PlyCount "83"]
[EventDate "2024.03.12"]
[EventType "swiss (blitz)"]
[EventRounds "11"]
[EventCountry "USA"]
[SourceTitle "CB12_2024"]
[SourceDate "2023.10.01"]
[SourceVersion "1"]
[SourceVersionDate "2023.10.01"]
[SourceQuality "1"]

1. e4 c5 2. Nc3 Nc6 3. Bb5 Nd4 4. Nf3 e6 5. 0-0 a6 6. Bd3 Nc6 7. b3 d6 8. Bb2 Nf6 9. Re1 Be7 10. e5 dxe5 11. Nxe5 Nxe5 12. Rxe5 Qc7 13. Qe2 Ng4 14. Nb5 axb5 15. Bxb5+ Bd7 16. Bxd7+ Qxd7 17. Qxg4 Bf6 18. d3 Bxe5 19. Bxe5 f6 20. Bc3 0-0 21. a4 Rae8 22. Re1 Qd5 23. f4 e5 24. fxe5 fxe5 25. Re4 Rf6 26. Qe2 Ref8 27. Rxe5 Qc6 28. h3 b5 29. axb5 Qxb5 30. Re7 R6f7 31. Qe6 Qb8 32. Be5 Qc8 33. Qc4 Qf5 34. Bg3 Kh8 35. Rxf7 Rxf7 36. Kh2 h5 37. Qh4 Kh7 38. b4 Kh6 39. bxc5 g5 40. Qd4 h4 41. Qh8+ Kg6 42. Be5 1-0

[Event "Titled Tuesday intern op 13th Feb Late"]
[Site "Chess.com INT"]
[Date "2024.02.13"]
[Round "7"]
[White "Jegorovas, Aleksandras"]
[Black "Capdevila, Calixto"]
[Result "1-0"]
[WhiteElo "2270"]
[BlackElo "2107"]
[PlyCount "75"]
[EventDate "2024.02.13"]
[EventType "swiss (blitz)"]
[EventRounds "11"]
[EventCountry "USA"]
[SourceTitle "CB08_2024"]
[SourceDate "2024.02.21"]
[SourceVersion "1"]
[SourceVersionDate "2024.02.21"]
[SourceQuality "1"]

1. d4 Nf6 2. c4 g6 3. Nc3 d5 4. cxd5 Nxd5 5. e4 Nxc3 6. bxc3 Bg7 7. Bc4 c5 8. Ne2 Nc6 9. Be3 0-0 10. Rc1 cxd4 11. cxd4 Qa5+ 12. Rc3 Rd8 13. Qd2 Bd7 14. h4 h5 15. Kf1 Rac8 16. Bh6 Bh8 17. Bb3 Bg4 18. f3 Bd7 19. Qf4 e6 20. Rc5 Qc7 21. Qxc7 Rxc7 22. d5 exd5 23. exd5 b6 24. Rc1 Rdc8 25. dxc6 Rxc6 26. Rxc6 Rxc6 27. Kf2 a5 28. Rc1 Rxc1 29. Bxc1 a4 30. Bd5 b5 31. a3 Bf6 32. g3 Be7 33. Nd4 Kf8 34. Bc6 Ke8 35. Bxb5 Bc5 36. Bxd7+ Kxd7 37. Ke3 Kd6 38. Kd3 1-0

[Event "Taujenai-ch rapid"]
[Site "Taujenai"]
[Date "2023.10.29"]
[Round "10"]
[White "Jegorovas, Aleksandras"]
[Black "Kalvaitis, Sigitas"]
[Result "0-1"]
[WhiteElo "2225"]
[BlackElo "2147"]
[PlyCount "96"]
[EventDate "2023.10.28"]
[EventType "swiss (rapid)"]
[EventRounds "10"]
[EventCountry "LTU"]
[SourceTitle "Mega2024 Update 01"]
[Source "Chessbase"]
[SourceDate "2023.11.12"]
[SourceVersion "1"]
[SourceVersionDate "2023.11.12"]
[SourceQuality "1"]

1. d4 Nf6 2. c4 e6 3. g3 d5 4. Nf3 Be7 5. Bg2 0-0 6. 0-0 dxc4 7. Na3 Bxa3 8. bxa3 b5 9. a4 a6 10. Rb1 Bb7 11. axb5 axb5 12. Rxb5 Bd5 13. a4 Ne4 14. Qc2 Nc6 15. Be3 f5 16. Ne5 Nxe5 17. dxe5 c6 18. Rbb1 Qa5 19. Bxe4 fxe4 20. Rb7 Qxa4 21. Qc1 Rf7 22. Rxf7 Kxf7 23. Bd4 Qb3 24. Qf4+ Kg8 25. Rc1 h6 26. g4 Qa3 27. Bc3 Rf8 28. Qe3 Qe7 29. Kg2 Qh4 30. Qg3 Qg5 31. Ra1 Rf4 32. h3 Kh7 33. Kg1 Rf8 34. Rd1 Rb8 35. h4 Qg6 36. h5 Qg5 37. Bd2 Qe7 38. g5 hxg5 39. Bxg5 Qf7 40. Qh4 c3 41. h6 Qg6 42. hxg7+ Kxg7 43. Kh2 c2 44. Ra1 c5 45. Ra7+ Bb7 46. Ra3 e3 47. Rc3 Rh8 48. Bf6+ Kf7 0-1

[Event "Titled Tuesday intern op 12th Sep Early"]
[Site "Chess.com INT"]
[Date "2023.09.12"]
[Round "4"]
[White "Jegorovas, Aleksandras"]
[Black "Krstulovic, Alex"]
[Result "1-0"]
[WhiteElo "2270"]
[BlackElo "2432"]
[PlyCount "55"]
[EventDate "2023.09.12"]
[EventType "swiss (blitz)"]
[EventRounds "11"]
[EventCountry "USA"]
[SourceTitle "EXT 2024"]
[Source "ChessBase"]
[SourceDate "2023.10.10"]
[SourceVersion "1"]
[SourceVersionDate "2023.10.10"]
[SourceQuality "1"]

1. d4 Nf6 2. c4 g6 3. Nc3 d5 4. cxd5 Nxd5 5. e4 Nxc3 6. bxc3 Bg7 7. Bc4 c5 8. Be3 0-0 9. Ne2 Nc6 10. Rc1 Qc7 11. h4 cxd4 12. cxd4 Qa5+ 13. Kf1 Qh5 14. f3 Na5 15. Ng3 Nxc4 16. Rxc4 Qb5 17. Qe2 b6 18. Rc1 Qa5 19. Kf2 Ba6 20. Qb2 f5 21. exf5 gxf5 22. Nh5 f4 23. Nxf4 Qf5 24. Qb3+ Kh8 25. h5 e5 26. Ng6+ hxg6 27. hxg6+ Bh6 28. Bxh6 1-0

[Event "Titled Tuesday intern op 12th Sep Early"]
[Site "Chess.com INT"]
[Date "2023.09.12"]
[Round "2"]
[White "Jegorovas, Aleksandras"]
[Black "Nazari, Arad"]
[Result "1-0"]
[WhiteElo "2270"]
[BlackElo "2363"]
[PlyCount "127"]
[EventDate "2023.09.12"]
[EventType "swiss (blitz)"]
[EventRounds "11"]
[EventCountry "USA"]
[SourceTitle "EXT 2024"]
[Source "ChessBase"]
[SourceDate "2023.10.10"]
[SourceVersion "1"]
[SourceVersionDate "2023.10.10"]
[SourceQuality "1"]

1. d4 Nf6 2. c4 g6 3. Nc3 d5 4. cxd5 Nxd5 5. e4 Nxc3 6. bxc3 Bg7 7. Bc4 c5 8. Be3 0-0 9. Ne2 Nc6 10. Rc1 Bg4 11. f3 Bd7 12. h4 Qa5 13. Kf1 Rfd8 14. h5 cxd4 15. cxd4 Be8 16. hxg6 hxg6 17. Bb3 Nxd4 18. Nxd4 e5 19. Bd2 Qa6+ 20. Bc4 b5 21. Bd5 Rxd5 22. exd5 exd4 23. Bh6 Bf6 24. Qd2 Qd6 25. Bg5 Be5 26. Qf2 Qxd5 27. Qh4 Bg7 28. Bf6 Qh5 29. Bxg7 Qxh4 30. Rxh4 Kxg7 31. Rxd4 a5 32. Rc7 Kf8 33. a3 Rb8 34. Ra7 b4 35. Rxa5 bxa3 36. Rxa3 Rb1+ 37. Kf2 Rb2+ 38. Kg3 Rb7 39. Rc3 Bd7 40. Kf4 Be6 41. g4 Kg7 42. Kg3 Kf6 43. f4 Rb5 44. Re3 Ra5 45. Rde4 Rb5 46. Re5 Rb4 47. Rc5 Ra4 48. Rf3 Rb4 49. f5 gxf5 50. gxf5 Bb3 51. Rc6+ Kg5 52. f6 Kg6 53. Rf4 Rb5 54. Rg4+ Kf5 55. Rf4+ Kg6 56. Rc8 Be6 57. Rg8+ Kh7 58. Rg7+ Kh6 59. Rh4+ Rh5 60. Rxh5+ Kxh5 61. Kf4 Kh6 62. Ke5 Ba2 63. Kd6 Bb3 64. Ke7 1-0

[Event "Titled Tuesday intern op 12th Sep Early"]
[Site "Chess.com INT"]
[Date "2023.09.12"]
[Round "1"]
[White "Wagner, Dennis"]
[Black "Jegorovas, Aleksandras"]
[Result "0-1"]
[WhiteElo "2589"]
[BlackElo "2270"]
[PlyCount "86"]
[EventDate "2023.09.12"]
[EventType "swiss (blitz)"]
[EventRounds "11"]
[EventCountry "USA"]
[SourceTitle "EXT 2024"]
[Source "ChessBase"]
[SourceDate "2023.10.10"]
[SourceVersion "1"]
[SourceVersionDate "2023.10.10"]
[SourceQuality "1"]

1. e4 e6 2. d4 d5 3. exd5 exd5 4. Nf3 Bd6 5. h3 Nc6 6. Bb5 Nge7 7. 0-0 0-0 8. Nc3 Bf5 9. Re1 a6 10. Bxc6 bxc6 11. Bg5 f6 12. Bh4 Qd7 13. Na4 Be4 14. Bg3 Nf5 15. Bxd6 Nxd6 16. Nd2 Rae8 17. f3 Bf5 18. Nc5 Qc8 19. c3 Bxh3 20. gxh3 Qxh3 21. Re2 Nf5 22. Rh2 Qg3+ 23. Kh1 Qf4 24. Nf1 Ne3 25. Nxe3 Rxe3 26. Rh3 Rfe8 27. Qc2 h6 28. Qh2 Re1+ 29. Rxe1 Rxe1+ 30. Qg1 Rxg1+ 31. Kxg1 Qc1+ 32. Kh2 Qxb2+ 33. Kg3 Qxa2 34. Rh2 Qc4 35. Ra2 Qxc3 36. Rxa6 Qxd4 37. Rxc6 Qe5+ 38. Kg2 Qe2+ 39. Kg3 d4 40. Ne6 Qe5+ 41. Kf2 d3 42. Nxc7 Qe2+ 43. Kg3 d2 0-1

[Event "Titled Tuesday intern op 01st Aug Early"]
[Site "Chess.com INT"]
[Date "2023.08.01"]
[Round "9"]
[White "Mikhaylova, Irina"]
[Black "Jegorovas, Aleksandras"]
[Result "1-0"]
[WhiteElo "2216"]
[BlackElo "2270"]
[PlyCount "83"]
[EventDate "2023.08.01"]
[EventType "swiss (blitz)"]
[EventRounds "11"]
[EventCountry "USA"]
[SourceTitle "EXT 2024"]
[Source "ChessBase"]
[SourceDate "2023.10.10"]
[SourceVersion "1"]
[SourceVersionDate "2023.10.10"]
[SourceQuality "1"]

1. Nf3 c6 2. c4 Nf6 3. d4 d5 4. cxd5 cxd5 5. Nc3 Nc6 6. Bf4 Ne4 7. e3 Nxc3 8. bxc3 g6 9. Bd3 Bg7 10. 0-0 0-0 11. c4 dxc4 12. Bxc4 Bg4 13. h3 Bxf3 14. Qxf3 e5 15. dxe5 Nxe5 16. Bxe5 Bxe5 17. Rad1 Qe7 18. Rd5 Rad8 19. Rfd1 Rxd5 20. Rxd5 b6 21. g3 Kg7 22. Kg2 h5 23. Qe4 Re8 24. Bb5 Bf6 25. Qxe7 Rxe7 26. Rd7 Rxd7 27. Bxd7 Bb2 28. f4 Kf6 29. e4 Ke7 30. Bb5 f6 31. Kf3 g5 32. Be2 a5 33. a4 Bc1 34. Bb5 Kd6 35. Be8 h4 36. gxh4 gxh4 37. Kg4 Kc5 38. Kf5 Be3 39. Kxf6 Bxf4 40. e5 b5 41. Bxb5 Kb6 42. e6 1-0

[Event "Titled Tuesday intern op 18th Jul Early"]
[Site "Chess.com INT"]
[Date "2023.07.18"]
[Round "4"]
[White "Jegorovas, Aleksandras"]
[Black "Sadykov, Ramil"]
[Result "0-1"]
[WhiteElo "2270"]
[BlackElo "2345"]
[PlyCount "36"]
[EventDate "2023.07.18"]
[EventType "swiss (blitz)"]
[EventRounds "11"]
[EventCountry "USA"]
[SourceTitle "EXT 2024"]
[Source "ChessBase"]
[SourceDate "2023.10.10"]
[SourceVersion "1"]
[SourceVersionDate "2023.10.10"]
[SourceQuality "1"]

1. d4 Nf6 2. c4 e6 3. Nf3 c5 4. e3 cxd4 5. exd4 d5 6. Nc3 Nc6 7. cxd5 Nxd5 8. Bd3 Bd6 9. 0-0 0-0 10. Re1 Bf4 11. Nxd5 Bxc1 12. Rxc1 Qxd5 13. Rc5 Qd6 14. Bxh7+ Kxh7 15. Ng5+ Kg6 16. Qg4 f5 17. Qh4 Qxd4 18. Qh7+ Kxg5 0-1

[Event "Titled Tuesday intern op 11th Jul Early"]
[Site "Chess.com INT"]
[Date "2023.07.11"]
[Round "3"]
[White "Jegorovas, Aleksandras"]
[Black "Aggelis, Nikolaos"]
[Result "0-1"]
[WhiteElo "2270"]
[BlackElo "2264"]
[PlyCount "48"]
[EventDate "2023.07.11"]
[EventType "swiss (blitz)"]
[EventRounds "11"]
[EventCountry "USA"]
[SourceTitle "EXT 2024"]
[Source "ChessBase"]
[SourceDate "2023.10.10"]
[SourceVersion "1"]
[SourceVersionDate "2023.10.10"]
[SourceQuality "1"]

1. d4 f5 2. Nf3 Nf6 3. g3 g6 4. Bg2 Bg7 5. 0-0 0-0 6. b4 a5 7. b5 a4 8. Bb2 d5 9. Ne5 e6 10. c4 Nbd7 11. cxd5 exd5 12. Nc3 a3 13. Bc1 Nb6 14. Qb3 Be6 15. Bg5 Kh8 16. Bxf6 Bxf6 17. e3 Qd6 18. f4 g5 19. Rad1 g4 20. Nb1 h5 21. Nxa3 Rxa3 22. Qc2 Rfa8 23. Ng6+ Kg7 24. Ne5 Rxa2 0-1